Can You Name All The Characteristics Of Gale From Brawl Stars? - Statistics

General Stats
  • This quiz has been taken 2 times
  • The average score is 6 of 15
Answer Stats
Hint Answer % Correct
Rarity Epic
100%
Hypercharge Blizzard
50%
Star Power Blustery Blow
50%
Class Controller
50%
Star Power Freezing Snow
50%
Title Janitor
50%
Buffies No
50%
Trait No
50%
Prestige Title Retired
50%
Trio Snowtel
50%
Gadgets Spring Ejector
50%
Voice Actor Dean Compoginis
0%
Super Gale Force
0%
Attack Polar Vortex
0%
Gadgets Twister
0%
No matching quizzes found
Score Distribution
Percent of People with Each Score
Percentile by Number Answered
Your Score History
You have not taken this quiz